000 00286nam a22001337a 4500
008 190205b xxu||||| |||| 00| 0 eng d
020 _a9780132625289
041 _aeng
080 _a611
100 _a6
101 _aANA
245 _aHuman Physiology
_cSilberthorn
942 _2udc
_cBK
999 _c54083
_d54083